| 000 | 00861nam a2200313Ia 4500 | ||
|---|---|---|---|
| 003 | GCL | ||
| 008 | 140319s9999 xx 000 0 ara d | ||
| 040 |
_aGCL / _cGCL |
||
| 082 | 0 | 4 |
_a153.1 _bف ق |
| 100 | 1 | _aفؤاد ابوحطب | |
| 245 | 1 | 0 |
_aالقدرات العقلية / _cفؤاد ابوحطب |
| 260 |
_a[S.N] : _bمكتبة الانجلوالمصرية ، _c1986 |
||
| 300 | _a656 ص | ||
| 490 | _a | ||
| 650 | 0 | 4 | _aالبيئة |
| 650 | 0 | 4 | _aالتعليم |
| 650 | 0 | 4 | _aالوراثة |
| 650 | 0 | 4 | _aعلم النفس |
| 650 | 0 | 4 | _aعلم النفس التربوى |
| 650 | 0 | 4 | _aالفروق الفردية |
| 650 | 0 | 4 | _aالتفكير |
| 650 | 0 | 4 | _aالذكاء |
| 650 | 0 | 4 | _aالادراك |
| 650 | 0 | 4 | _aالحساب |
| 650 | 0 | 4 | _aالحركة |
| 650 | 0 | 4 | _aقياس الذكاء |
| 650 | 0 | 4 | _aالحس |
| 942 |
_2ddc _cBK |
||
| 999 |
_c31275 _d31275 |
||